| 000 | 00613nam a22001937a 4500 | ||
|---|---|---|---|
| 999 |
_c19527 _d19527 |
||
| 003 | AR-CdUCM | ||
| 008 | 190517b ||||| |||| 00| 0 spa d | ||
| 040 |
_aMUNICIPALIDAD PROVINCIAL DEL CUSCO _cBIBLIOTECA MUNICIPAL DEL CUSCO |
||
| 082 |
_a621.31 / _bD85 |
||
| 100 |
_aDuff, John R. _940908 |
||
| 245 |
_aFundamentos de corriente alterna : _bExperimentos de laboratorio / |
||
| 260 |
_aMéxico : _bDiana, _c1972. |
||
| 300 |
_a478 paginas ; _c26 cm. |
||
| 650 |
_aCorriente alterna _940909 |
||
| 650 |
_aPracticas _911405 |
||
| 650 |
_aElectricidad _915840 |
||
| 942 |
_2ddc _cLIBROS |
||
| 945 |
_arjall _d2019-05-17 |
||